Climbing high : a woman's account of surviving the everest tragedy
| Main Author: | Gammelgaard, Lene |
|---|---|
| Published: |
London:
Pan Books,
2000.
|
| Subjects: |
| LEADER | 00557cam a2200157 7i4500 | ||
|---|---|---|---|
| 001 | 0000000557 | ||
| 005 | 20150914090000.0 | ||
| 020 | |a 0330392271 | ||
| 090 | 0 | 0 | |a GV199.44.E85 |b G36 2000 |
| 100 | 1 | |a Gammelgaard, Lene | |
| 245 | 1 | 0 | |a Climbing high : |b a woman's account of surviving the everest tragedy |c Lene Gammelgaard. |
| 260 | |a London: |b Pan Books, |c 2000. | ||
| 300 | |a xvi, 211 p.: |b ill.; |c 19 cm. | ||
| 650 | 0 | 0 | |a Mountaineering -- |z Everest, Mount (China and Nepal) |
| 650 | 0 | 0 | |a Mountaineers -- |z Denmark |
| 999 | |a 0000006761 |b BOK |c OPEN SHELF |e 1st Floor, Shah Alam | ||


